| 000 | 01774nab a22003257a 4500 | ||
|---|---|---|---|
| 999 |
_c5262 _d5262 |
||
| 003 | OSt | ||
| 005 | 20250209220433.0 | ||
| 008 | 190603e xxum|||| |||| 00| 0 spa d | ||
| 040 | _cPJ | ||
| 100 |
_96315 _aAlvarez, Rocío Belén |
||
| 245 | 1 | 3 |
_aLa impugnación de filiación : _bun análisis jurídico desde la perspectiva de los derechos humanos y el sistema de justicia / _cRocío Belén Alvarez, Estela Lujan Nuñez. |
| 260 |
_cCiudad Autónoma de Buenos Aires : _aThomson Reuters La Ley, _b2025. |
||
| 300 | _ap. 176-189. | ||
| 500 | _aCita Online: TR LALEY AR/DOC/44/2025. Publicado en: RCCyC 2025 (febrero) , 176. | ||
| 505 | _aImpacto de la argumentación jurídica en la socioafectividad, la determinación de la filiación y la protección de colectivos minoritarios y de los derechos de los niños y niñas. | ||
| 505 | _aSumario: I. Introducción.— II. Desarrollo.— III. Socioafectividad.— IV. Conclusión.— V. Bibliografía. | ||
| 505 | _aFallo comentado: CS ~ 22/10/2024 ~ S., I. N. c. A., C. L. s/ impugnación de filiación. | ||
| 505 | _t¿Te interesa el texto completo? Solicitalo al correo: koha@justierradelfuego.gov.ar | ||
| 650 | 0 |
_9967 _aDERECHO DE FAMILIA |
|
| 650 | 0 |
_92741 _aDERECHOS DE LAS NIÑAS, NIÑOS Y ADOLESCENTES |
|
| 650 | 0 |
_91004 _aFILIACION |
|
| 650 | 0 |
_94486 _aGESTACION POR SUSTITUCION |
|
| 650 | 0 |
_94292 _aTÉCNICAS DE REPRODUCCIÓN HUMANA ASISTIDA |
|
| 650 | 0 |
_95385 _aVOLUNTAD PROCREACIONAL |
|
| 650 | 0 |
_94044 _aPERSPECTIVA DE GÉNERO |
|
| 650 | 0 |
_96132 _aCONTROL DE CONVENCIONALIDAD |
|
| 700 |
_96316 _aNuñez, Estela Luján _ecoautor |
||
| 773 | 0 |
_02713 _93170 _dCiudad Autónoma de Buenos Aires : Thomson Reuters La Ley, 2015- _tRevista Código Civil y Comercial. Nº 1 - Febrero 2025 |
|
| 942 |
_2udc _cANA |
||